Načítá se...
Microscopic Techniques in Biotechnology
| Hlavní autor: | |
|---|---|
| Další autoři: | |
| Médium: | Printed Book |
| Vydáno: |
Germani
Wiley-VCH
2003
|
| LEADER | 00518nam a22001457a 4500 | ||
|---|---|---|---|
| 020 | |a 3527301984 | ||
| 082 | |a 660.60282 HOP/M | ||
| 100 | |a Hoppert, Michael | ||
| 245 | |a Microscopic Techniques in Biotechnology |c Michael Hoppert | ||
| 260 | |a Germani |b Wiley-VCH |c 2003 | ||
| 300 | |a xii, 330p. | ||
| 700 | |a Michael Hoppert | ||
| 942 | |2 ddc |c BK |k 660.60282 | ||
| 999 | |c 280802 |d 280802 | ||
| 952 | |0 0 |1 0 |4 0 |6 660_602820000000000_HOP_M |7 0 |9 318061 |a SHS |b SHS |c ST1 |d 2011-02-08 |g 6907.00 |i 2024 |l 0 |o 660.60282 HOP/M |p SHS2024 |r 2017-12-11 |w 2017-12-11 |y BK | ||